Sports Quiz

Random Sports or Hockey Quiz

NHL Captains Quiz Stats

 Plays Quiz Updated Oct 4, 2019

Score 0/31 Timer 05:00
2 Plays Today
Team Captain % Correct
Vegas Golden KnightsVacant
99.8%
Pittsburgh PenguinsSidney Crosby
90.5%
Boston BruinsZdeno Chara
84%
Chicago BlackhawksJonathan Toews
83.8%
Washington CapitalsAlexander Ovechkin
80.5%
Detroit Red WingsVacant
78.5%
Columbus Blue Jackets Nick Foligno
74.5%
Carolina HurricanesJordan Staal
73.9%
Philadelphia FlyersClaude Giroux
73.4%
Calgary FlamesMark Giordano
72.3%
Arizona CoyotesOliver Ekman-Larsson
72.1%
Ottawa SenatorsVacant
71.5%
Anaheim DucksRyan Getzlaf
70.9%
Tampa Bay LightningSteven Stamkos
69.1%
Dallas StarsJamie Benn
66.1%
Los Angeles KingsAnze Kopitar
64.9%
Team Captain % Correct
San Jose SharksLogan Couture
64.9%
New York RangersVacant
64.1%
Nashville PredatorsRoman Josi
59.9%
Vancouver CanucksVacant
59.4%
Minnesota WildMikko Koivu
58.2%
Toronto Maple LeafsJohn Tavares
57.5%
Buffalo SabresJack Eichel
57%
Colorado AvalancheGabriel Landeskog
56.8%
New York IslandersAnders Lee
56.1%
Edmonton OilersConnor McDavid
55.3%
Montreal CanadiensShea Weber
47.5%
New Jersey DevilsAndy Greene
46.3%
St. Louis BluesAlex Pietrangelo
44.6%
Winnipeg JetsBlake Wheeler
38.5%
Florida PanthersAleksander Barkov
37.1%

You're not logged in!

Compare scores with friends on all Sporcle quizzes.
OR
Log In

Sporcle TV

Today on Sporcle TV


Watch our educational content, quiz creation guides, and fun videos on Sporcle TV.

Show Comments

Extras

Top Quizzes Today


Score Distribution

Your Account Isn't Verified!

In order to create a playlist on Sporcle, you need to verify the email address you used during registration. Go to your Sporcle Settings to finish the process.

Report this User

Report this user for behavior that violates our Community Guidelines.

Details: